000 01559nam a2200349 i 4500
001 197436
003 ES-MaACL
005 20250820063103.0
008 250510s2025 sp 0|| | spa|d
017 _aM 2515-2025
_bOficina Depósito Legal Madrid
020 _a9788470756955
040 _aUNAV
_bspa
_cUNAV
_erda
245 1 0 _aCatálogo "Lo tienes que ver" :
_bLa autonomía del color en el arte abstracto : Fundación Juan March, 28 de febrero al 8 de junio de 2025 /
_cTextos: Manuel Fontán del Junco, María Zozaya, David Batchelor y Paul Smith.
264 1 _a :
_bFundación Juan March,
_c2025
300 _a311 páginas :
_bilustrado a color ;
_c30 cm.
336 _aTexto
_btxt
_2rdacontent
337 _asin mediación
_bn
_2rdamedia
338 _avolumen
_bnc
_2rdacarrier
490 1 _a;
500 _aExposición celebrada del 28 de febrero al 8 de junio de 2025 en la Fundación Juan March.
504 _aIncluye referencias bibliográficas (páginas) e índice
700 1 _aFontán del Junco, Manuel,
_9226485
_d1963-
_eaut
700 1 _aZozaya Álvarez, María
_9144199
_eaut
700 1 _aBatchelor, David
_eaut
_9241834
700 1 _aSmith, Paul
_9106910
_eaut
852 _aES-MaACL
_cDEPOJ
_jN-10454
_xEncuadernación rústica
_9206577
_hDonación: Editorial
914 _94346
_aFundación Juan March
_ednr
942 _cMONOGRAFIA
_n0
999 _c197436
_d197436